02049nam a22002177a 450000500170000000800410001702000180005804000520007604100080012810000280013624501800016424601170034426000750046130000180053652010010055465000490155565000770160465000760168165000440175770000300180120260601102802.0260601t2026 |||||||| |||| 00| 0 spa d a9789585006966 aCO-BoUCMbspacStefania BorbondStefania Borbon aspa aCobo Betancourt, Juan F aLa venida del reino : bLos muiscas, la reforma católica y el colonialismo español en el Nuevo Reino de Granada / cJuan F. Cobo Betancourt ; traducción de Alfonso Conde aThe Coming of the Kingdom :bThe Muisca, Catholic Reform, and Spanish Colonialism in the New Kingdom of Granada  aBogotá, D. C., Colombia : bEditorial Universidad del Rosario,c2026 a393 páginas aLa venida del reino explora las experiencias de los indígenas muiscas del Nuevo Reino de Granada (Colombia) durante el primer siglo del dominio colonial español. Tomando como eje el colonialismo, la reforma religiosa, el derecho, la lengua y la escritura histórica, el autor examina la introducción y el desarrollo del cristianismo entre los muiscas, que desde la década de 1530 se vieron en el centro de los esfuerzos de los invasores por transformarlos en súbditos católicos tributarios de la Corona española. El libro muestra cómo sucesivas generaciones de misioneros y administradores abordaron la tarea de atraer a los muiscas al catolicismo en un momento en el que este atravesaba transformaciones profundas, y cómo sucesivas generaciones de muiscas interactuaron con las prácticas e ideas que los invasores intentaron imponerles, rechazándolas o adoptándolas de diversas maneras, transformándolas y traduciéndolas, y, en última instancia, apropiándoselas. 4aMuiscasvHistoriaxVida religiosaySiglo XVI 4aIglesia CatólicavHistoriaxMisioneszColombiazNuevo Reino de Granada 4aEvangelizaciónvHistoriaySiglo XVIzColombiazNuevo Reino de Granada 4aColombiaxHistoria yColonia, 1550-18101 aConde, Alfonsoetraductor